Biblioteca

Communion and episcopacy : (Registro nro. 66225)

Detalles MARC
000 -LÍDER
Campo fijo de descripción fija 01688cam a2200409 i 4500
001 - NÚMERO DE CONTROL
Campo de control 768714001
003 - IDENTIFICADOR DEL NÚMERO DE CONTROL
Campo de control CO-MdFUSB
005 - FECHA Y HORA DE LA ULTIMA TRANSACCIÓN
control field 20210223155245.0
007 - CAMPO FIJO DE DESCRIPCIÓN FIJA--INFORMACIÓN GENERAL
Campo fijo de descripción fija ta
008 - ELEMENTOS DE LONGITUD FIJA -- INFORMACIÓN GENERAL
Campo fijo de descripción fija -- Información general 900306t1988 enk b 100 0 eng d
010 ## - NÚMERO DE CONTROL DE LA BIBLIOTECA DEL CONGRESO
Número de control LC GB 88044478
020 ## - NÚMERO INTERNACIONAL NORMALIZADO PARA LIBROS
Número Internacional Normalizado del libro 0951361104
040 ## - FUENTE DE CATALOGACIÓN
Agencia de catalogación original Uk
Idioma de catalogación eng
Convenciones de la descripción rda
Agencia que realiza la transcripción CO-MdFUSB
Agencia que realiza la modificación DLC
-- CO-MdFUSB
-- CStRLIN
-- PU
041 ## - CÓDIGO DE IDIOMA
Código de idioma para texto/pista de sonido o título separado eng
082 04 - NÚMERO DE CLASIFICACIÓN DECIMAL DEWEY
Número de la edición del Dewey 23
Número de clasificación 262.02
Clave de autor-Numero de item C734
090 ## - SIGNATURA TOPOGRÁFICA LOCAL
Número de clasificación local BV652
245 00 - TÍTULO
Título del Material Communion and episcopacy :
Parte restante del título - Subtitulo essays to mark the centenary of the Chicago-Lambeth Quadrilateral
Mención de responsabilidad, etc. / editado por Jonathan Draper.
264 #1 - PRODUCCIÓN, PUBLICACIÓN, DISTRIBUCIÓN, MANUFACTURA, Y COPYRIGHT
Lugar de producción, publicación, distribución, manufactura Cuddesdon, Oxford :
Nombre del productor, publicador, distribuidor Ripon College,
Fecha de producción, publicación, distribución, manufactura, o copyright [1988]
264 #4 - PRODUCCIÓN, PUBLICACIÓN, DISTRIBUCIÓN, MANUFACTURA, Y COPYRIGHT
Fecha de producción, publicación, distribución, manufactura, o copyright © 1988
300 ## - DESCRIPCIÓN FÍSICA
Extensión vii, 120 páginas ;
Dimensiones 22 cm
336 ## - TIPO DE CONTENIDO
Término de tipo de contenido texto
Código de tipo de contenido txt
Fuente rdacontent
337 ## - TIPO DE MEDIO
Nombre del tipo de medio sin mediación
Código del tipo de medio n
Fuente rdamedia
338 ## - TIPO DE SOPORTE
Nombre del tipo de soporte volumen
Código Tipo de soporte nc
Fuente rdacarrier
504 ## - NOTA DE BIBLIOGRAFÍA, ETC.
Nota de bibliografía, etc Incluye bibliografías.
505 ## - NOTA DE CONTENIDO
Nota de contenido con formato preestablecido El cuadrilátero de Chicago Lambeth y el movimiento ecuménico. -- El cuadrilátero de Chicago Lambeth en el servicio de comunión. -- Episcopado, comunión y colegialidad. Comunión y episcopado: una perspectiva católica antigua.-- Comunión y episcopado: una perspectiva ECUSA. --Comunión, episcopado y ordenación de mujeres.Episcopado y comunión, iglesia, cultura y cambio.-- El camino a seguir. -- sermón predicado en el servicio de clausura. -- El arzobispo de Canterbury.
563 ## - NOTA DE ENCUADERNACIÓN
Nota de encuadernación Rústico
610 27 - ASIENTO SECUNDARIO DE MATERIA - NOMBRE CORPORATIVO
Nombre corporativo o nombre de la jurisdicción como elemento de entrada Iglesia Católica
Subdivisión general Gobierno.
653 ## - TÉRMINO DE INDIZACIÓN - NO CONTROLADO
Término no controlado Gestión de la iglesia.
700 1# - ASIENTO SECUNDARIO - NOMBRE PERSONAL
Nombre personal Draper, Jonathan.
Responsabilidad editor
942 ## - TIPO DE MATERIAL (KOHA)
Tipo de Item KOHA Libros General
945 ## - INFORMACIÓN LOCAL DEL REGISTRO
Catalogador JTF-925
Existencias
Estado de Material Estado de Perdido Forma de Clasificación Estado de Dañado No para Préstamo Colección Biblioteca de Origen Biblioteca Permanente Fecha de Adquisición Área Total de Préstamos Signatura Topográfica Código de Barras Última vez visto Ejemplar/Existencia Fecha de Remplazo Tipo de Material
    Dewey Decimal Classification     Colección General Biblioteca FUSBC Biblioteca FUSBC 23/06/2020 ECLESIOLOGÍA   G 262.02 C734c 9518 23/06/2020 Ej.1 23/06/2020 Libros General

Biblioteca FUSBC | Teléfono: (57+4) 349 88 10 Ext. 141| WhatsApp (+57) 3005338115 
E-mail: biblioteca@unisbc.edu.co | Calle 76 87-14 Robledo Palenque, Medellín, Colombia

Con tecnología Koha